Los noventa: política, sociedad y cultura en América Latina y Argentina de fin de siglo /

Uloženo v:
Podrobná bibliografie
Hlavní autor: Filmus, Daniel
Médium: Neznámo
Vydáno: Buenos Aires: FLACSO. Sede Académica Argentina. Eudeba, Universidad de Buenos Aires
Témata:
Tagy: Přidat tag
Žádné tagy, Buďte první, kdo vytvoří štítek k tomuto záznamu!

MARC

LEADER 00000 a2200000 04500
001 19340
003
008 991231s d
040
090 |a 145801  
100 |a Filmus, Daniel  
245 |a Los noventa: política, sociedad y cultura en América Latina y Argentina de fin de siglo /  |c Daniel Filmus 
260 |a Buenos Aires:   |b FLACSO. Sede Académica Argentina. Eudeba,   |c Universidad de Buenos Aires  
300 |a 279 p.  
500 |a Conferencia magistral dictada en el acto del 40 aniversario de la fundación de FLACSO  
650 |a GOBERNABILIDAD  
650 |a DEMOCRACIA  
650 |a ESTADO  
650 |a SISTEMAS POLITICOS  
650 |a MODERNIZACION  
999 |c 3411  |d 3411